Seterra Old WR Holders - Statistics

General Stats
  • This quiz has been taken 40 times
    3 since last reset
  • The average score is 13 of 28
Answer Stats
Runner Full game WRs IL WRs Total WRs % Correct
Daxzz 8 1630 1638
100%
Lezt 71 420 491
100%
MrMountainMan 0 187 187
100%
Otterstone_Gamer 1 134 135
100%
rphxx 19 890 909
100%
Shinboy 81 1011 1092
100%
stathx 67 3633 3700
100%
Teoinator 42 258 300
100%
aeryuu 0 132 132
67%
Mackan 5 120 125
67%
Sagaris 0 111 111
67%
Temug 15 363 378
67%
fwampy 11 297 308
33%
Raid104 17 239 256
33%
tree_more 7 143 150
33%
unfried 9 116 125
33%
Wolt1x 2 282 284
33%
Xeon 13 135 148
33%
Alwiest 0 135 135
0%
Benjams 3 188 191
0%
cxss09 8 289 297
0%
Jackeking 0 191 191
0%
Lutz127 0 173 173
0%
Perna64 5 346 351
0%
supercrazestar 6 151 157
0%
VyPr 1 110 111
0%
X31X39 1 134 135
0%
zalex 4 170 174
0%
No matching quizzes found
Score Distribution
Percent of People with Each Score
Percentile by Number Answered
Your Score History
You have not taken this quiz since the last reset